Responses for show #3034 - Thursday, November 6, 1997

1997-B Teen Tournament quarterfinal game 4.

Contestants

Kathy Thompson, a senior from Gaithersburg, Maryland

Enos Williams, a junior from Beaumont, Texas

Jennifer Rehmann, a junior from McGrady, North Carolina

Jeopardy! Round responses

a little lit
mini-mountains
wee folk
it's microscopic
the small screen
"short" stuff
(Alex: And you notice they were all in lower case on those categories.)
    $100 11
Uncle Tom's Cabin

Kathy
    $100 21
the Sermon on the Mount

Enos
    $100 16
elves

Jennifer
    $100 26
the nucleus

Jennifer
    $100 6
Timecop

Kathy
    $100 1
Strawberry Shortcake

Enos
    $200 12
the Little Engine That Could

Jennifer
    $200 22
"Hollywood"

Jennifer
    $200 17
leprechaun

Jennifer
    $600 27
(Alex: And there are tons of them in this studio right now!)

a dust mite

Jennifer
    $200 7
Stargate

Jennifer
    $200 2
shortwave radio

Enos
    $300 13
The Little Prince

Enos
    $300 23
Louisiana

Enos
    $300 18
brownies

Jennifer
    $300 8
Timon & Pumbaa

Enos
    $300 3
Get Shorty

Kathy
    $400 14
Charles Dickens

Enos
    $400 24
Mount Holyoke

Jennifer
    $400 19
trolls

Enos
    $400 29
[The end-of-round signal sounds.]

plankton

Jennifer
    $400 9
Clueless

Kathy
    $400 4
short-sighted

Jennifer
    $500 15
Stuart Little

Jennifer
    $500 25
(Alex: And we have a minute to deal with it's microscopic.)

the Low Countries

Enos
    $500 20
Hawaii

Enos
    $500 28
Cytoplasm

Jennifer
    $500 10
Fame

Kathy
    $500 5
shorthand

Kathy

Scores at the first commercial break (after clue 15):

Jennifer Enos Kathy
$1,300 $1,300 $1,900

Scores at the end of the Jeopardy! Round:

Jennifer Enos Kathy
$4,100 $3,100 $1,900

Double Jeopardy! Round responses

SUPER ATHLETES
MS. PLUMLY'S COMPOSITION CLASS
FROM A TO Y
(Alex: Each correct response will begin with "A" and end with "Y".)
ON A PIZZA
LONG AGO
FAR AWAY
    $200 11
swimming

Kathy
    $200 26
subjects

Kathy
    $200 6
assembly

Kathy
    $200 1
pineapple

Jennifer
    $200 16
papyrus

Kathy
    $200 21
the Bounty

Enos
    $400 12
Shaquille O'Neal

Kathy
    $400 30
paragraphs

Enos
    $400 7
an attorney

Enos
    $400 2
(Kathy: What are peppers?)

olives

JenniferKathy
    $400 17
spokes

Jennifer
    $400 22
Morocco

Enos
    $600 13
Cal Ripken, Jr.

Kathy
    $600 27
an outline

Kathy
    $600 8
adultery

Kathy
    $600 3
mushrooms

Kathy
    $600 18
Alexander the Great

Enos
    $600 23
(Enos: What is the Rio de la Plata?)

Pampas

Enos
Triple Stumper
    $800 14
Steffi Graf

Triple Stumper
    $800 28
bibliography

Kathy
    $800 9
accompany

Enos
    $800 4
tomato

Enos
    $800 19
the Acropolis

Enos
    $1,000 24
Madagascar

Enos
    $1,000 15
the New England Patriots

Kathy
    $1000 29
a thesis

Kathy
    $1000 10
anthropology (or archaeology)

Kathy
    $1000 5
4

Enos
    $1000 20
Nebuchadnezzar

Jennifer
    $1000 25
(Alex: And we have a minute left.)

the Caspian Sea

Enos

Scores at the end of the Double Jeopardy! Round:

Jennifer Enos Kathy
$6,100 $9,900 $8,900

Final Jeopardy! Round responses

CARTOON CHARACTERS
JenniferWho is Elmer Fudd?
$6,100
KathyWho is?
$1,200
EnosWho is the Tasmanian Devil?
$1,500
Tasmanian Devil

Final scores:

Jennifer Enos Kathy
$0 $11,400 $7,700
3rd place: $1,000 if eliminated Automatic semifinalist 2nd place: $1,000 if eliminated

Game dynamics:

Coryat scores:

Jennifer Enos Kathy
$5,700 $9,700 $8,900
17 R
(including 1 DD),
0 W
21 R
(including 1 DD),
1 W
19 R
(including 1 DD),
1 W

Combined Coryat: $24,300

The J! Archive is created by fans, for fans. The Jeopardy! game show and all elements thereof, including but not limited to copyright and trademark thereto, are the property of Jeopardy Productions, Inc. and are protected under law. This website is not affiliated with, sponsored by, or operated by Jeopardy Productions, Inc. Join the discussion at JBoard.tv.